FCE listening and speaking skills 1 [for the revised Cambridge FCE examination] : glossary
Αποθηκεύτηκε σε:
| Κύριος συγγραφέας: | |
|---|---|
| Μορφή: | Βιβλίο |
| Γλώσσα: | English |
| Δημοσίευση: |
Αθήνα :
Express,
1996.
|
| Θέματα: | |
| Ετικέτες: |
Προσθήκη ετικέτας
Δεν υπάρχουν, Καταχωρήστε ετικέτα πρώτοι!
|
MARC
| LEADER | 00000cam a2200000 a 4500 | ||
|---|---|---|---|
| 001 | 1/121307 | ||
| 008 | 200505s1996####gr |||||||||||||| ||eng|| | ||
| 020 | |a 9603610992 | ||
| 040 | |a GR-MyUa |b gre |c GR-MyUa |e AACR2 | ||
| 041 | 0 | |a eng | |
| 082 | 7 | |a 428.34 |2 (23) | |
| 100 | 1 | |a Evans, Virginia. | |
| 245 | 1 | 0 | |a FCE listening and speaking skills 1 [for the revised Cambridge FCE examination] : |b glossary / |c Virginia Evans. |
| 260 | |a Αθήνα : |b Express, |c 1996. | ||
| 300 | |a 32 σ. ; |c 28 εκ. | ||
| 650 | 0 | |a English language |v Textbooks for foreign speakers. | |
| 852 | |a INST |b LESVOS |e 20200505 |h 428.24 EVA |p 005100062472 |q 005100062472 |t BK |y 0 | ||
| 920 | |a Νικολαρέα |b Κατερίνα |y Λέσβος |z 2003-02 | ||
| 970 | |a Καμάτσου |b Δέσποινα |z 05-05-2020 | ||